Od Misese k Schutzovi otázka apriorismu v ekonómii
Misesov apriorismus a jeho úskalia. Alfred Schutz, empirizmus a prirodzený svet. Behaviorálna ekonómia verzus teória racionálnej voľby.
Saved in:
| Main Author: | |
|---|---|
| Format: | Book Chapter |
| Language: | Czech |
| Subjects: | |
| Tags: |
No Tags, Be the first to tag this record!
|
MARC
| LEADER | 00000naa a2200000 4500 | ||
|---|---|---|---|
| 001 | 0157774 | ||
| 005 | 20231207120947.7 | ||
| 041 | 0 | |a cze | |
| 044 | |a CZ | ||
| 245 | 1 | 0 | |a Od Misese k Schutzovi |b otázka apriorismu v ekonómii |c Petr Špecián |
| 520 | |a Misesov apriorismus a jeho úskalia. Alfred Schutz, empirizmus a prirodzený svet. Behaviorálna ekonómia verzus teória racionálnej voľby. | ||
| 610 | 2 | 0 | |a teórie ekonomické |
| 610 | 2 | 0 | |a terminológia |
| 610 | 2 | 0 | |a vedy prírodné |
| 610 | 2 | 0 | |a vedy spoločenské |
| 610 | 2 | 0 | |a Mises, L. |
| 610 | 2 | 0 | |a behaviorizmus |
| 100 | 1 | |a Špecián, Petr | |